| 000 | 00360nam a22001451a 4500 | ||
|---|---|---|---|
| 082 |
_aM3 _bSYA/R |
||
| 100 | _aSyamala P R | ||
| 245 |
_aRagam/ _cby Syamala P R |
||
| 260 |
_aKottayam: _bSahitya Pravartaka Co-operative Society, _c1999. |
||
| 300 | _a116p. | ||
| 650 | _aNovel Malayalam | ||
| 650 | _aLiterature Malayalam | ||
| 650 | _aLiterature | ||
| 942 | _cBK | ||
| 999 |
_c36959 _d36959 |
||